000 00793nam a2200229 a 4500
999 _c8661
_d8661
001 8661
003 BD-JhCC
005 20180301085701.0
008 180301s1371 bg |||| ||a| 000 0 ben d
035 _a(BD-JhCC)8661
040 _aBD-JhCC
_dBD-JhCC
041 _aben
082 _a327.1
_bKAZ 1371
100 _aকাজানাচিভ, আলেকজাণ্ডার
245 _aএকটি সোভিয়েট দূতাবাসের অভ্যন্তরে /
_cআলেকজাণ্ডার কাজানাচিভ,
260 _aঢাকা :
_bষ্টুডেন্ট ওয়েজ,
_c1371
300 _a319 p. :
_c17 cm.
650 _aDiplomatic Relation
700 _aসয়েফউদ্দিন
942 _2ddc
_cBK